000 00929nam a2200325 a 4500
003 AR-BaBNM
005 20251128210212.0
008 082120s2002 ||||||||||||||000 | spa||
020 _a968-24-3873-X
040 _cAR-BaBNM
100 1 _aCruickshank, William M.
245 0 0 _aEl niño con daño cerebral
_ben la escuela, en el hogar y en la comunidad
250 _a3ª ed.
260 _aMéxico, D.F.
_bTrillas
_c1994
300 _a407 p.
_bil.
500 _aApéndice p. 395-407
650 4 _aEDUCACION ESPECIAL
650 4 _aPSICOLOGIA
650 4 _aPROCESO DE APRENDIZAJE
650 4 _aINTEGRACION ESCOLAR
650 4 _aADOLESCENTES
650 4 _aFORMACION DE CONCEPTOS
653 _aDISCAPACIDAD MENTAL
653 _aINSTITUCIONES EDUCATIVAS
653 _aDISEÑO CURRICULAR
653 _aNECESIDADES EDUCATIVAS ESPECIALES
700 1 _aPtán, Federico
_etraductor
942 _cBK
998 _cRaquel
999 _c14487
_d14487